000 00569nam a22002057a 4500
003 OSt
005 20151120150519.0
008 151120b xxu||||| |||| 00| 0 eng d
020 _a0340885068
040 _cDNLM
082 _aWK100 J541o 2005
100 _aJewels, Caroline; Tillet, Alexandra
_96246
245 _aOne stop Doc Endocrine and reproductive systems
260 _aLondon;
_bArnold,
_c2005
300 _aviii,120p; col.ill: 24.5cm
504 _aindex included
650 _aEndocrine system
_96247
650 _aEndocrinology
_92229
942 _2z
_cO_SHELF
999 _c2638
_d2638